Vyhodnocování analytických výsledků a metod
Uložené v:
| Hlavný autor: | |
|---|---|
| Médium: | Kniha |
| Jazyk: | Undetermined |
| Vydavateľské údaje: |
Praha
SNTL
1980
|
| On-line prístup: | View in OPAC |
| Tagy: |
Žiadne tagy, Buďte prvý, kto otaguje tento záznam!
|
MARC
| LEADER | 00000nam a2200000 a 4500 | ||
|---|---|---|---|
| 005 | 20260127134137.0 | ||
| 008 | 981008s1980 xx 0 und c | ||
| 035 | |a vtls001344731 | ||
| 035 | |a SNK000297926 | ||
| 039 | 9 | |a 200812030810 |b mschk03 |y 200412280714 |z VLOAD | |
| 040 | |a SNK |b slo |c SNK |d STUSCHK1 |e AACR2 | ||
| 100 | 1 | |a Eckschlager, Karel | |
| 245 | 1 | |a Vyhodnocování analytických výsledků a metod | |
| 260 | |a Praha |b SNTL |c 1980 | ||
| 300 | |a 224 s. | ||
| 910 | |a SCHK95 | ||
| 999 | |c 5080 |d 5080 | ||